000 01184pam a2200313 a 4500
999 _c50575
_d50575
001 4450963
005 20200207145313.0
008 950327r19951978nyua b 001 0 eng
010 _a 95012763
020 _a048668735X (pbk.)
040 _aDLC
_cDLC
_dDLC
041 _aeng
050 0 0 _aQA611.3
_b.S74 1995
080 _a515.1 S-82
082 0 0 _a514/.3
_220
100 1 _aSteen, Lynn Arthur,
_d1941-
_96897
245 1 0 _aCounterexamples in topology /
_cLynn Arthur Steen and J. Arthur Seebach, Jr.
260 _aNew York :
_bDover Publications,
_c1995.
300 _axi, 244 p. :
_bill. ;
_c22 cm.
500 _aOriginally published: 2nd ed. New York : Springer-Verlag, 1978.
504 _aIncludes bibliographical references (p. 228-235) and index.
650 0 _aTopological spaces.
_96898
653 _aტოპოლოგია
700 1 _aSeebach, J. Arthur.
_96899
856 4 2 _3Publisher description
_uhttp://www.loc.gov/catdir/description/dover032/95012763.html
906 _a7
_bcbc
_corignew
_d1
_eocip
_f19
_gy-gencatlg
942 _2udc
_cBK
955 _apc05 to ja00 03-27-95; jd99 (desc/subj) 03-28-95;; jd85 03-29-95;aa05 03-30-95; CIP Ver. yc11 11-27-95